| 000 -LEADER |
| fixed length control field |
02123 a2200313 4500 |
| 003 - CONTROL NUMBER IDENTIFIER |
| control field |
OSt |
| 005 - DATE AND TIME OF LATEST TRANSACTION |
| control field |
20180116192343.0 |
| 008 - FIXED-LENGTH DATA ELEMENTS--GENERAL INFORMATION |
| fixed length control field |
120529t xxu||||| |||| 00| 0 eng d |
| 010 ## - LIBRARY OF CONGRESS CONTROL NUMBER |
| LC control number |
2005034807 |
| 020 ## - INTERNATIONAL STANDARD BOOK NUMBER |
| International Standard Book Number |
9781568985817 (pbk. : alk. paper) |
| 020 ## - INTERNATIONAL STANDARD BOOK NUMBER |
| International Standard Book Number |
1568985819 (pbk. : alk. paper) |
| 040 ## - CATALOGING SOURCE |
| Transcribing agency |
0 |
| 082 00 - DEWEY DECIMAL CLASSIFICATION NUMBER |
| Classification number |
701.8 |
| 100 1# - MAIN ENTRY--PERSONAL NAME |
| Personal name |
Leborg, Christian. |
| 9 (RLIN) |
2529 |
| 245 10 - TITLE STATEMENT |
| Title |
Visual grammar / |
| Statement of responsibility, etc. |
Christian Leborg. |
| 250 ## - EDITION STATEMENT |
| Edition statement |
1st English ed. |
| 260 ## - PUBLICATION, DISTRIBUTION, ETC. |
| Place of publication, distribution, etc. |
New York : |
| Name of publisher, distributor, etc. |
Princeton Architectural Press, |
| Date of publication, distribution, etc. |
2006. |
| 300 ## - PHYSICAL DESCRIPTION |
| Extent |
95 p. : |
| Other physical details |
ill. (some col.) ; |
| Dimensions |
22 cm. |
| 490 0# - SERIES STATEMENT |
| Series statement |
Design briefs |
| 500 ## - GENERAL NOTE |
| General note |
Originally published: Norway : Abstrakt Forlag, 2004. |
| 505 ## - FORMATTED CONTENTS NOTE |
| Formatted contents note |
Point-- Line-- Surface-- Volume-- Dimensions-- Format-- Abstract Structures-- Formal Structures -- Gradation-- Radiation-- Informal Structures -- Visual Distribution-- Invisible/Inactive Structures-- Structural Skeleton -- Concrete Objects -- Form-- Size -- Color -- Concrete Structures-- Visible Structures -- Active Structures-- Texture-- Activities -- Frequency/Rhythm-- Mirroring -- Mirroring against a Volume-- Rotation-- Upscaling/Downscaling-- Movement-- Path-- Direction-- Superordinated/Subordinated Movement-- Displacement-- Direction of Displacement-- Activities -- Repetition-- Mirroring -- Mirroring against a Volume-- Rotation-- Movement-- Path-- Superordinated/Subordinated Movement-- Displacement-- Direction of Displacement-- Relations -- Static -- Symmetry/Asymmetry-- Balance-- Groups -- Fine/Coarse-- Diffusion-- Direction-- Position-- Space-- Weight -- |
| 650 #0 - SUBJECT ADDED ENTRY--TOPICAL TERM |
| Topical term or geographic name entry element |
Visual perception. |
| 9 (RLIN) |
2530 |
| 650 #0 - SUBJECT ADDED ENTRY--TOPICAL TERM |
| Topical term or geographic name entry element |
Visual communication in art. |
| 9 (RLIN) |
2531 |
| 856 41 - ELECTRONIC LOCATION AND ACCESS |
| Materials specified |
Table of contents only |
| Uniform Resource Identifier |
<a href="http://www.loc.gov/catdir/toc/ecip064/2005034807.html">http://www.loc.gov/catdir/toc/ecip064/2005034807.html</a> |
| 856 41 - ELECTRONIC LOCATION AND ACCESS |
| Materials specified |
Publisher description |
| Uniform Resource Identifier |
<a href="http://www.loc.gov/catdir/enhancements/fy0722/2005034807-d.html">http://www.loc.gov/catdir/enhancements/fy0722/2005034807-d.html</a> |
| 856 41 - ELECTRONIC LOCATION AND ACCESS |
| Materials specified |
Contributor biographical information |
| Uniform Resource Identifier |
<a href="http://www.loc.gov/catdir/enhancements/fy0738/2005034807-b.html">http://www.loc.gov/catdir/enhancements/fy0738/2005034807-b.html</a> |
| 942 ## - ADDED ENTRY ELEMENTS (KOHA) |
| Institution code [OBSOLETE] |
SADA |
| Koha item type |
Book |
| Call number prefix |
701.8 LEB 2006 |
| Source of classification or shelving scheme |
|